| 000 | 00828nam a2200241 i 4500 | ||
|---|---|---|---|
| 001 | 185996 | ||
| 003 | ES-MaACL | ||
| 005 | 20230906222548.0 | ||
| 008 | 160902s1953 sp |||| | spa d | ||
| 080 | _a821.134.2-17"14" | ||
| 130 | 0 |
_aCoplas de Mingo Revulgo. _9160681 |
|
| 245 | 1 | 0 |
_aCoplas de Mingo Revulgo (1485) / _c[glosa de las Coplas del Revulgo fecha por Fernando del Pulgar]. |
| 250 | _a[Ed. facs.]. | ||
| 260 |
_a[S.l. : _bs.n.], _c1953 ( _eValencia : _fTip. Moderna) |
||
| 300 |
_a49 h. ; _c25 cm. |
||
| 490 | 1 |
_aIncunables poéticos castellanos ; _v2 |
|
| 655 | 7 |
_2tgfbne _9226495 _aFacsímiles |
|
| 700 | 1 |
_aPulgar, Fernando del ( _dca. 1430-ca. 1493) _994365 |
|
| 830 | 0 |
_aIncunables poéticos castellanos ; _v2 _9192454 |
|
| 852 |
_aES-MaACL _jE-3999 |
||
| 942 | _2udc | ||
| 999 |
_c185996 _d185996 |
||